Bajo el respaldo del metal: un intento por explicar la historia del Heavy Metal /
El origen y desarrollo del heavy metal ha tenido como ejes esenciales de la juventud, la ideología, el underground, la cultura, la tecnología y la identidad, siendo en conjunto, construcciones sociales razonadas para evidenciar un posicionamiento individual y colectivo mediante creaciones intelectua...
Guardado en:
| Hovedforfatter: | |
|---|---|
| Format: | Texto |
| Fag: | |
| Tags: |
Tilføj Tag
Ingen Tags, Vær først til at tagge denne postø!
|
MARC
| LEADER | 00000 a a2200000 04500 | ||
|---|---|---|---|
| 001 | 4218 | ||
| 003 | |||
| 040 | |||
| 100 | |a Castañeda, Mario | ||
| 245 | |a Bajo el respaldo del metal: |b un intento por explicar la historia del Heavy Metal / |b Mario Castañeda | ||
| 520 | |a El origen y desarrollo del heavy metal ha tenido como ejes esenciales de la juventud, la ideología, el underground, la cultura, la tecnología y la identidad, siendo en conjunto, construcciones sociales razonadas para evidenciar un posicionamiento individual y colectivo mediante creaciones intelectuales y materiales, manifestadas a través de la música, traspasando barreras lingüísticas y económicas, y construyendo otras de carácter social para repeler las imposiciones moralistas, religiosas y políticas | ||
| 650 | |a JUVENTUD | ||
| 650 | |a MUSICA | ||
| 650 | |a RADIODIFUSION | ||
| 650 | |a HISTORIA | ||
| 650 | |a IDENTIDAD CULTURAL | ||
| 650 | |a ESTETICA | ||
| 650 | |a COSTA RICA | ||
| 773 | |g número 136; páginas 21-40 | ||
| 999 | |c 22675 |d 22675 | ||
